Strategický a inovačný manažment

Salvato in:
Dettagli Bibliografici
Autore principale: Balog, Michal
Altri autori: Iakovets, Angelina
Natura: Libro
Lingua:slovacco
Pubblicazione: Praha Leges 2024
Edizione:1. vydání
Soggetti:
Tags: Aggiungi Tag
Nessun Tag, puoi essere il primo ad aggiungerne!!

MARC

LEADER 00000nam a2200000 4500
001 0305169
005 20250102112431.2
020 |a 978-80-7502-746-7 
041 0 |a slo 
044 |a CZ 
245 1 0 |a Strategický a inovačný manažment  |c Michal Balog, Angelina Iakovets 
250 |a 1. vydání 
264 1 |a Praha  |b Leges  |c 2024 
300 |a 182 s. 
610 2 0 |a manažment strategický 
610 2 0 |a manažment inovačný 
610 2 0 |a start-up 
610 2 0 |a udržateľnosť 
100 1 |a Balog, Michal 
700 1 |a Iakovets, Angelina